| 000 | 00433nam a2200181Ia 4500 | ||
|---|---|---|---|
| 001 | 16067 | ||
| 005 | 20260306170242.0 | ||
| 008 | 260306t2015||||xx |||||||||||||| ||und|| | ||
| 041 | _aESP | ||
| 082 |
_a346.6 _bE41 |
||
| 100 |
_aElizalde Ibardia, Francisco de _eAUT |
||
| 245 | 0 | _aEl contenido del contrato | |
| 260 | _c2015 | ||
| 300 |
_a378 páginas : _c23 cm. |
||
| 650 | _aGEN | ||
| 654 | _aCDE | ||
| 942 |
_cLIB _dJUS _fJUS _2ddc _n |
||
| 999 |
_c16067 _d16067 |
||